| 000 | 00587nam a22001937a 4500 | ||
|---|---|---|---|
| 003 | KOHA_MİRAKIL | ||
| 005 | 20251224123703.0 | ||
| 008 | 251224b tu ||||| |||| 00| 0 tur d | ||
| 020 | _a9786051961477 | ||
| 040 |
_aTR-AnABB _btur _cTR-AnABB |
||
| 041 | _atur | ||
| 082 |
_a303.09561 _bTUR 2018 |
||
| 100 | 1 | _aTürkdoğan, Orhan, | |
| 245 | 1 | 0 |
_aGünümüz toplum yapısı ve radikal sorunlarımız / _cOrhan Türkdoğan |
| 260 |
_aİstanbul : _bÇizgi Kitabevi Yayınları, _c2018 |
||
| 300 |
_a192 sayfa ; _c24 cm |
||
| 650 | 0 | 4 | _aSosyal yapı, Türkler |
| 942 |
_2ddc _cBK |
||
| 999 |
_c9911 _d9911 |
||
| 900 | _bGizem YORULMAZ | ||